Obras: Poesía y prosa

Furkejuvvon:
Bibliográfalaš dieđut
Váldodahkki: Rimbaud
Materiálatiipa: Girji
Giella:Undetermined
Almmustuhtton: Madrid, España EDAF 1970
Fáttát:
Fáddágilkorat: Lasit fáddágilkoriid
Eai fáddágilkorat, Lasit vuosttaš fáddágilkora!

MARC

LEADER 00000nam a2200000Ia 4500
008 170316s9999 xx 000 0 und d
040 |a cru BVZT 
090 |a 840 R-6o 
100 |a Rimbaud 
245 |a Obras: Poesía y prosa 
260 |a Madrid, España 
260 |b EDAF 
260 |c 1970 
300 |a 292 páginas 
650 |a LITERATURA FRANCESA 
650 |a RIMBAUD 
650 |a POESÍA 
650 |a PROSA 
999 |c 7936  |d 7936 
942 |c 15 D  |h 840 R-6o  |2 z